Obálka Náhled e-knihy:
PDF Epub
Pro půjčování e-knih musíte být přihlášeni.
Jak si půjčit online?

Pohádky /

Sbírka krásných pohádek pro děti, a to jak ty menší, tak ty velké. Pohádky pro menší děti Milé děti, maminky, tety a babičky, chcete se dozvědět, co se stalo v lese? Chcete se dozvědět, kdo zlobil, byl pyšný a sám se za to potrestal? Víte děti, proč zajíčka bolel zoubek a proč se krtek bál tmy? To v...

Celý popis

Uloženo v:
Hlavní autor: Hlavsová, Vlasta (Autor)
Médium: E-kniha
Jazyk:Czech
Vydáno: Praha : E-knihy jedou, 2020
Tagy:
Žádné tagy
LEADER 01975nam a22002297i 4500
001 311157
007 ta
008 260601s2020 xr ||||| |||| 00| 0 cze d
020 |a 9990002054228 
044 |a xr 
100 1 |a  Hlavsová, Vlasta  |4 aut 
245 1 0 |a Pohádky /  |c  Hlavsová, Vlasta 
264 1 |a Praha :  |b E-knihy jedou,  |c 2020 
300 |a 1 online zdroj (104 stran) 
336 |a text  |b txt  |2 rdacontent 
337 |a bez média  |b n  |2 rdamedia 
338 |a online zdroj  |b cr  |2 rdacarrier 
520 2 |a Sbírka krásných pohádek pro děti, a to jak ty menší, tak ty velké. Pohádky pro menší děti Milé děti, maminky, tety a babičky, chcete se dozvědět, co se stalo v lese? Chcete se dozvědět, kdo zlobil, byl pyšný a sám se za to potrestal? Víte děti, proč zajíčka bolel zoubek a proč se krtek bál tmy? To všechno se dozvíte po přečtení těchto pohádek. Také se tu píše o neposlušné botičce a kouzelném zvonečku, světelné víle a mnoho dalších zajímavostí. Pohádky pro starší děti Vážení čtenáři a milé děti, v pohádkách se dočtete o tom, jak dobro zvítězí nad zlem a jak opravdová láska všechny těžkosti překoná. Řeknete si, no jistě, klasika. Ovšem, ne vždy tomu tak je v pohádkách i v životě a tak i jedna pohádka neskončí tak, jak by se dalo čekat! Která to je? Na to přijdete sami, až si pohádky přečtete. Pohádky o vílách, drakovi i kouzelném prameni, vodní žínce, zlém čaroději, statečných mládencích a krásných princeznách. 
910 |a RBIT002 
998 |d 205422  |a https://core.palmknihy.cz/api/books/205422/cover?q7t824  |b https://core.palmknihy.cz/api/books/205422/cover/400?q7t824  |c https://core.palmknihy.cz/api/books/205422/cover/50?q7t824  |e   |g 104  |i 9990002054228  |j https://core.palmknihy.cz/api/books/205422/preview.epub  |k https://core.palmknihy.cz/api/books/205422/preview.pdf  |l   |q 49  |r 1  |s https://www.palmknihy.cz/kniha/205422  |t ebook  |y 2020  |z 1 
999 |d 311155